000 00571nam a2200181Ia 4500
008 100921s9999 xx 000 0 und d
082 _b34575
_a891.463 न 02
100 _aम्हात्रे अरविंद.
245 _aगौरी.
260 _bपार्टनर प्रकाशन, मुंबई.
_c2002
300 _a126
_bजयेश एजन्सी,पुणे.
365 _b110
520 _aललित-कथा.
630 _aगौरी.
650 _aललित-कथा.
730 _aगौरी.
942 _cBOOK
999 _c783688
_d783685